[Event "Corsica-ch"]
[Site "Bastia"]
[Date "2011.07.01"]
[Round "7.3"]
[White "Humeau, Cyril"]
[Black "Stubbe, Damien"]
[Result "1/2-1/2"]
[WhiteElo "2226"]
[BlackElo "1946"]
[PlyCount "71"]
[EventDate "2011.06.25"]
[EventType "tourn"]
[EventRounds "7"]
[EventCountry "FRA"]
[SourceTitle "EXT 2012"]
[Source "ChessBase"]
[SourceDate "2011.11.24"]
[SourceVersion "1"]
[SourceVersionDate "2011.11.24"]
[SourceQuality "1"]

1. e4 c5 2. c3 Nf6 3. e5 Nd5 4. Bc4 Nb6 5. Bb3 d5 6. exd6 exd6 7. d4 Be7 8. dxc5 dxc5 9. Qxd8+ Bxd8 10. Be3 Na6 11. Nf3 0-0 12. 0-0 Bf6 13. Na3 Bd7 14. Rad1 Bc6 15. Rfe1 Rad8 16. Rxd8 Rxd8 17. Bg5 Bxf3 18. Bxf6 gxf6 19. gxf3 Kf8 20. Kf1 Nc7 21. Nc4 Nxc4 22. Bxc4 b5 23. Bb3 c4 24. Bc2 Rd2 25. Re2 Rd5 26. a4 Ne6 27. axb5 Rxb5 28. Bb1 Ra5 29. Re1 h6 30. Rd1 Ke7 31. Be4 Nf4 32. Ke1 Re5 33. Kf1 Ra5 34. Ke1 Re5 35. Kf1 Ra5 36. Ke1 1/2-1/2

[Event "Corsica-ch"]
[Site "Bastia"]
[Date "2011.06.26"]
[Round "2.4"]
[White "Vilaisarn, Akkhavanh"]
[Black "Stubbe, Damien"]
[Result "1/2-1/2"]
[WhiteElo "2257"]
[BlackElo "1946"]
[PlyCount "84"]
[EventDate "2011.06.25"]
[EventType "tourn"]
[EventRounds "7"]
[EventCountry "FRA"]
[SourceTitle "EXT 2012"]
[Source "ChessBase"]
[SourceDate "2011.11.24"]
[SourceVersion "1"]
[SourceVersionDate "2011.11.24"]
[SourceQuality "1"]

1. c4 Nf6 2. g3 g6 3. Bg2 Bg7 4. Nc3 0-0 5. Nf3 d5 6. cxd5 Nxd5 7. 0-0 e5 8. d4 exd4 9. Nxd4 Nxc3 10. bxc3 c5 11. Nb5 Qa5 12. Rb1 Rd8 13. Qc2 a6 14. Na3 Nc6 15. Nc4 Qxc3 16. Qxc3 Bxc3 17. Nb6 Ra7 18. Bb2 Bxb2 19. Rxb2 Be6 20. Rc1 Ne7 21. h4 Nc8 22. Nxc8 Rxc8 23. Rxb7 Rc7 24. Rb8+ Kg7 25. a3 a5 26. f4 a4 27. Kf2 Ra6 28. Rc3 Bb3 29. Rb5 Rd6 30. Rbxc5 Rxc5 31. Rxc5 Rd2 32. Bf3 Ra2 33. Rc3 f5 34. g4 fxg4 35. Bxg4 Rxa3 36. Be6 Kf6 37. Bg8 h6 38. Kg3 Ra2 39. Bxb3 axb3 40. Rxb3 Rxe2 41. Rb6+ Kf5 42. Rb5+ Kf6 1/2-1/2

[Event "Montpellier op 4th"]
[Site "Montpellier"]
[Date "2009.??.??"]
[Round "2"]
[White "Hamdouchi, Adina Maria"]
[Black "Stubbe, Damien"]
[Result "1/2-1/2"]
[WhiteElo "2314"]
[BlackElo "1919"]
[PlyCount "81"]
[EventDate "2009.12.26"]
[EventType "swiss"]
[EventRounds "9"]
[EventCountry "FRA"]
[SourceTitle "CBM 134 Extra"]
[Source "ChessBase"]
[SourceDate "2010.03.03"]
[SourceVersion "1"]
[SourceVersionDate "2010.03.03"]
[SourceQuality "1"]

1. Nf3 Nf6 2. g3 d5 3. Bg2 c5 4. 0-0 Nc6 5. d4 Bf5 6. c4 e6 7. cxd5 Nxd5 8. Nc3 Nxc3 9. bxc3 Be7 10. Qb3 Qb6 11. Be3 0-0 12. dxc5 Bxc5 13. Bxc5 Qxc5 14. Nh4 Na5 15. Qb4 Rac8 16. Rfc1 b6 17. Nxf5 Qxf5 18. Be4 Qf6 19. Bd3 Rc5 20. Qe4 g6 21. Qd4 Kg7 22. Rc2 Rd8 23. Qxf6+ Kxf6 24. Rac1 Nc4 25. Kf1 e5 26. Ke1 Ke6 27. h4 f5 28. Bxc4+ Rxc4 29. Rd1 Rxd1+ 30. Kxd1 f4 31. g4 f3 32. exf3 h5 33. Re2 hxg4 34. Re4 Rxc3 35. fxg4 Rh3 36. f4 Rxh4 37. Rxe5+ Kf6 38. g5+ Kf7 39. Re4 Rh2 40. a4 Ra2 41. Kc1 1/2-1/2

[Event "Montpellier op 4th"]
[Site "Montpellier"]
[Date "2009.??.??"]
[Round "5"]
[White "Stubbe, Damien"]
[Black "Bernard, Jacques"]
[Result "0-1"]
[WhiteElo "1919"]
[BlackElo "2224"]
[PlyCount "58"]
[EventDate "2009.12.26"]
[EventType "swiss"]
[EventRounds "9"]
[EventCountry "FRA"]
[SourceTitle "CBM 134 Extra"]
[Source "ChessBase"]
[SourceDate "2010.03.03"]
[SourceVersion "1"]
[SourceVersionDate "2010.03.03"]
[SourceQuality "1"]

1. d4 f5 2. c4 Nf6 3. Nc3 d6 4. Nf3 g6 5. g3 Bg7 6. Bg2 0-0 7. 0-0 Qe8 8. Qd3 c6 9. d5 Na6 10. Be3 Bd7 11. a3 Nh5 12. Bd4 Bh6 13. b4 f4 14. e4 e5 15. dxe6 Bxe6 16. Ne2 Qf7 17. c5 dxc5 18. Ne5 Qe7 19. bxc5 Nxc5 20. Qc3 Nd7 21. g4 Nxe5 22. gxh5 f3 23. Bxe5 fxe2 24. Rfe1 Qh4 25. Bg3 Qxh5 26. f3 Bg7 27. e5 Bd5 28. Kf2 Rxf3+ 29. Bxf3 Rf8 0-1

[Event "Montpellier op 4th"]
[Site "Montpellier"]
[Date "2009.??.??"]
[Round "8"]
[White "Stubbe, Damien"]
[Black "Tounsi, Toufik"]
[Result "0-1"]
[WhiteElo "1919"]
[BlackElo "1640"]
[PlyCount "112"]
[EventDate "2009.12.26"]
[EventType "swiss"]
[EventRounds "9"]
[EventCountry "FRA"]
[SourceTitle "CBM 134 Extra"]
[Source "ChessBase"]
[SourceDate "2010.03.03"]
[SourceVersion "1"]
[SourceVersionDate "2010.03.03"]
[SourceQuality "1"]

1. d4 Nf6 2. c4 e6 3. Nf3 d5 4. Nc3 Bb4 5. e3 c5 6. a3 cxd4 7. exd4 Bxc3+ 8. bxc3 Ne4 9. Qb3 Nc6 10. cxd5 exd5 11. Bd3 f5 12. 0-0 0-0 13. Bf4 Na5 14. Qb4 b6 15. Ne5 Be6 16. Ba6 Qh4 17. Bg3 Qf6 18. f3 Nd2 19. Rf2 Ndc4 20. Nxc4 f4 21. Nxa5 bxa5 22. Qxa5 fxg3 23. hxg3 Qg5 24. c4 Qxg3 25. Bb7 Rad8 26. Bxd5 Bxd5 27. cxd5 Qf4 28. Qd2 Qf5 29. Re1 Rxd5 30. Qa2 Kh8 31. Re4 h6 32. Rfe2 Rdd8 33. Qc4 Qg6 34. Qc5 Rxf3 35. Qxa7 Rdf8 36. Qe7 Rf1+ 37. Kh2 Kh7 38. R4e3 R1f2 39. Qe4 R2f5 40. Rg3 Qh5+ 41. Rh3 Qg6 42. a4 Qd6+ 43. Rg3 Kh8 44. Qg4 Rg5 45. Re6 Qb8 46. Qh4 Kh7 47. Qe4+ Rff5 48. Re5 Rh5+ 49. Rh3 g6 50. Kg1 Rxe5 51. dxe5 Rxe5 52. Qc6 Qa7+ 53. Kh2 Re1 54. Rf3 Qb8+ 55. Kh3 Rh1+ 56. Kg4 h5+ 0-1

[Event "Bastiais Master 6th"]
[Site "Bastia"]
[Date "2007.11.??"]
[Round "?"]
[White "Alliot, Kevin"]
[Black "Stubbe, Damien"]
[Result "0-1"]
[WhiteElo "1730"]
[BlackElo "1885"]
[PlyCount "56"]
[EventDate "2007.11.??"]
[EventType "swiss"]
[EventRounds "9"]
[EventCountry "FRA"]
[SourceTitle "EXT 2009"]
[Source "ChessBase"]
[SourceDate "2008.11.26"]
[SourceVersion "1"]
[SourceVersionDate "2008.11.26"]
[SourceQuality "1"]

1. e4 e6 2. d4 d5 3. e5 c5 4. c3 Nc6 5. Nf3 Bd7 6. Be3 cxd4 7. cxd4 Rc8 8. Nc3 Bb4 9. Rc1 Nge7 10. Bd3 0-0 11. Bg5 h6 12. Bh4 Qb6 13. a3 Bxc3+ 14. bxc3 Qa5 15. Qb3 b6 16. Bb5 Nf5 17. Bxc6 Bxc6 18. Qb4 Qa6 19. h3 Bb5 20. Ra1 Rc4 21. Qb3 Rfc8 22. Rc1 Qa5 23. 0-0 Rxc3 24. Rxc3 Rxc3 25. Qb4 Qxb4 26. axb4 Bxf1 27. Kxf1 Rxf3 28. gxf3 Nxh4 0-1

[Event "Bastiais Master 6th"]
[Site "Bastia"]
[Date "2007.11.??"]
[Round "?"]
[White "Stubbe, Damien"]
[Black "Rigal, Joel"]
[Result "1-0"]
[WhiteElo "1885"]
[BlackElo "1663"]
[PlyCount "57"]
[EventDate "2007.11.??"]
[EventType "swiss"]
[EventRounds "9"]
[EventCountry "FRA"]
[SourceTitle "EXT 2009"]
[Source "ChessBase"]
[SourceDate "2008.11.26"]
[SourceVersion "1"]
[SourceVersionDate "2008.11.26"]
[SourceQuality "1"]

1. d4 Nf6 2. c4 d6 3. Nc3 g6 4. e4 Bg7 5. f3 Nbd7 6. Bg5 e5 7. d5 h6 8. Be3 a6 9. Qd2 Nh5 10. g4 Nhf6 11. h4 h5 12. Bg5 Nf8 13. gxh5 gxh5 14. 0-0-0 Bd7 15. f4 exf4 16. Qxf4 Ng6 17. Qg3 Qe7 18. Nf3 0-0-0 19. c5 Bg4 20. c6 Ne5 21. cxb7+ Kxb7 22. Nxe5 Qxe5 23. Bf4 Qe8 24. Rd4 Ra8 25. Rb4+ Kc8 26. Ra4 Bh6 27. Bxh6 Rxh6 28. Bxa6+ Kd8 29. Bb5 1-0

[Event "Corsica-chT"]
[Site "Porticcio"]
[Date "2007.03.18"]
[Round "2.3"]
[White "Campana, Marc Antoine"]
[Black "Stubbe, Damien"]
[Result "0-1"]
[WhiteElo "1791"]
[BlackElo "1879"]
[PlyCount "72"]
[EventDate "2007.03.07"]
[EventType "team"]
[EventRounds "9"]
[EventCountry "FRA"]
[SourceTitle "CBM 117 Extra"]
[Source "ChessBase"]
[SourceDate "2007.05.09"]
[SourceVersion "1"]
[SourceVersionDate "2007.05.09"]
[SourceQuality "1"]
[WhiteTeam "Balagna CC"]
[BlackTeam "I Scacchi Di U Centru"]
[WhiteTeamCountry "FRA"]
[BlackTeamCountry "FRA"]

1. e4 e6 2. d4 d5 3. Nc3 Bb4 4. e5 c5 5. a3 Ba5 6. b4 cxd4 7. Nb5 Bc7 8. f4 Ne7 9. Nf3 Nbc6 10. Nfxd4 Nxd4 11. Qxd4 Bb6 12. Qd3 Nf5 13. Bb2 0-0 14. Nd4 a5 15. c3 Bxd4 16. cxd4 Bd7 17. Be2 axb4 18. axb4 Qb6 19. 0-0 Qxb4 20. Ba3 Qxd4+ 21. Qxd4 Nxd4 22. Bd3 Rfc8 23. Bb2 Bb5 24. Bxd4 Bxd3 25. Rxa8 Rxa8 26. Ra1 Rc8 27. Ra2 h6 28. Kf2 b5 29. Ke3 Bc4 30. Rb2 Ra8 31. Kd2 Ra3 32. Kc2 Kh7 33. Bc3 g5 34. fxg5 hxg5 35. g4 Kg6 36. Rb4 Ra8 0-1

[Event "Corsica-ch"]
[Site "Bastia"]
[Date "2006.05.07"]
[Round "2.1"]
[White "Vilaisarn, Akkhavanh"]
[Black "Stubbe, Damien"]
[Result "1/2-1/2"]
[WhiteElo "2208"]
[BlackElo "1851"]
[PlyCount "94"]
[EventDate "2006.05.03"]
[EventType "k.o."]
[EventRounds "4"]
[EventCountry "FRA"]
[SourceTitle "EXT 2007"]
[Source "ChessBase"]
[SourceDate "2006.11.23"]
[SourceVersion "1"]
[SourceVersionDate "2006.11.23"]
[SourceQuality "1"]

1. e4 c5 2. Nf3 d6 3. g3 Nf6 4. d3 Nc6 5. Bg2 e6 6. 0-0 Be7 7. Qe2 0-0 8. c3 e5 9. Nbd2 Bg4 10. h3 Be6 11. Ng5 b5 12. f4 h6 13. Nxe6 fxe6 14. f5 exf5 15. exf5 d5 16. g4 Rc8 17. Nf3 Qc7 18. Nh4 c4 19. Ng6 Bc5+ 20. Kh1 Rfe8 21. g5 hxg5 22. Bxg5 e4 23. d4 Be7 24. Nf4 Qd6 25. Ne6 Nd8 26. Bf4 Qd7 27. Nxd8 Rcxd8 28. Be5 Bd6 29. Bxf6 gxf6 30. Rg1 Kh8 31. Qe3 Qh7 32. Bf1 Rg8 33. Be2 Qh4 34. Rg4 Rxg4 35. Bxg4 Bg3 36. Kg2 Bd6 37. Rg1 Rb8 38. a3 a5 39. Ra1 Rg8 40. Qf2 Rxg4+ 41. hxg4 Qh2+ 42. Kf1 Qh1+ 43. Qg1 Qf3+ 44. Qf2 Qh1+ 45. Qg1 Qf3+ 46. Qf2 Qh1+ 47. Qg1 Qf3+ 1/2-1/2

[Event "Bastiais Master 3rd"]
[Site "Bastia"]
[Date "2006.??.??"]
[Round "5"]
[White "Stubbe, Damien"]
[Black "Lorenzi, Philippe"]
[Result "1-0"]
[WhiteElo "1851"]
[BlackElo "1790"]
[PlyCount "58"]
[EventDate "2006.01.14"]
[EventType "swiss"]
[EventRounds "9"]
[EventCountry "FRA"]
[SourceTitle "EXT 2007"]
[Source "ChessBase"]
[SourceDate "2006.11.23"]
[SourceVersion "1"]
[SourceVersionDate "2006.11.23"]
[SourceQuality "1"]

1. e4 e5 2. f4 Bc5 3. Nf3 d6 4. Bc4 h6 5. c3 Nc6 6. d4 exd4 7. cxd4 Bb4+ 8. Nc3 Nf6 9. e5 dxe5 10. fxe5 Ne4 11. 0-0 Nxc3 12. bxc3 Bxc3 13. Qb3 Bxd4+ 14. Nxd4 Qxd4+ 15. Be3 Qxe5 16. Bxf7+ Kd8 17. Rad1+ Bd7 18. Be6 Nb8 19. Rf7 a5 20. Bxd7 Nxd7 21. Rfxd7+ Kc8 22. Qd3 b5 23. Rd5 Qe6 24. Rxb5 Ra6 25. Rd5 Re8 26. Rd8+ Rxd8 27. Qxd8+ Kb7 28. Rb1+ Kc6 29. Rc1+ Kb7 1-0

[Event "Bastiais Master 1st"]
[Site "Bastia"]
[Date "2005.05.??"]
[Round "4"]
[White "Autran, Yann"]
[Black "Stubbe, Damien"]
[Result "1/2-1/2"]
[WhiteElo "2038"]
[BlackElo "1784"]
[PlyCount "125"]
[EventDate "2005.05.??"]
[EventType "tourn"]
[EventRounds "9"]
[EventCountry "FRA"]
[SourceTitle "EXT 2007"]
[Source "ChessBase"]
[SourceDate "2006.11.23"]
[SourceVersion "1"]
[SourceVersionDate "2006.11.23"]
[SourceQuality "1"]

1. e4 c5 2. c3 e6 3. Nf3 d5 4. e5 Nc6 5. Bb5 Bd7 6. Qe2 a6 7. Bxc6 Bxc6 8. d3 h6 9. h4 Ne7 10. Na3 Qd7 11. h5 g5 12. Nc2 Rg8 13. Ne3 Bg7 14. Ng4 Nf5 15. Nf6+ Bxf6 16. exf6 d4 17. c4 Bxf3 18. Qxf3 0-0-0 19. Bd2 Qd6 20. 0-0-0 Qc6 21. Qxc6+ bxc6 22. Ba5 Rd7 23. Bb6 g4 24. g3 Rg5 25. Bxc5 Nxg3 26. fxg3 Rxc5 27. Rdf1 Re5 28. Kd2 Rb7 29. b3 Re3 30. Rhg1 a5 31. Rf4 e5 32. Rxg4 a4 33. Rb1 Rf3 34. Re4 Rxf6 35. Rxe5 Rf2+ 36. Re2 Rf3 37. Rg2 f5 38. b4 Re7 39. Re1 Rxe1 40. Kxe1 Rxd3 41. Rd2 Rxg3 42. Rxd4 Rh3 43. b5 Rxh5 44. b6 f4 45. Rxf4 Rc5 46. Kd2 Kb7 47. Kc3 Kxb6 48. Rh4 h5 49. Kb4 Rg5 50. Rh2 c5+ 51. Kxa4 Rg4 52. Rxh5 Rxc4+ 53. Kb3 Rb4+ 54. Kc3 Kb5 55. Rh8 Ra4 56. Rb8+ Kc6 57. Rb2 Ra3+ 58. Kc4 Ra4+ 59. Kb3 Rb4+ 60. Kc3 Rxb2 61. Kxb2 Kb5 62. Kc3 Ka4 63. Kc4 1/2-1/2

[Event "Bastiais Master 1st"]
[Site "Bastia"]
[Date "2005.05.??"]
[Round "6"]
[White "Battesti, Marc Andria"]
[Black "Stubbe, Damien"]
[Result "1-0"]
[WhiteElo "1894"]
[BlackElo "1784"]
[PlyCount "71"]
[EventDate "2005.05.??"]
[EventType "tourn"]
[EventRounds "9"]
[EventCountry "FRA"]
[SourceTitle "EXT 2007"]
[Source "ChessBase"]
[SourceDate "2006.11.23"]
[SourceVersion "1"]
[SourceVersionDate "2006.11.23"]
[SourceQuality "1"]

1. e4 c5 2. b4 cxb4 3. a3 b3 4. cxb3 Nc6 5. Bb2 d5 6. exd5 Qxd5 7. Nc3 Qe5+ 8. Qe2 Qxe2+ 9. Bxe2 Bd7 10. Nf3 Nf6 11. 0-0 a6 12. Na4 e6 13. Nb6 Rd8 14. d4 Nd5 15. Nxd5 exd5 16. Ne5 Nxe5 17. dxe5 Bc5 18. Rac1 Bb6 19. Kh1 0-0 20. f4 Bf5 21. Bf3 Rd7 22. Rcd1 d4 23. Rd2 d3 24. Re1 Rc8 25. g4 Be6 26. f5 Bxb3 27. e6 fxe6 28. fxe6 Re7 29. Rxd3 Ba5 30. Re5 Bc4 31. Rd7 Bd8 32. Bd5 Bb5 33. Rg5 g6 34. Bf6 Rc1+ 35. Kg2 Bf1+ 36. Kf3 1-0

[Event "Bastiais Master 1st"]
[Site "Bastia"]
[Date "2005.05.??"]
[Round "2"]
[White "Stubbe, Damien"]
[Black "Massoni, Michael"]
[Result "0-1"]
[WhiteElo "1784"]
[BlackElo "2045"]
[PlyCount "52"]
[EventDate "2005.05.??"]
[EventType "tourn"]
[EventRounds "9"]
[EventCountry "FRA"]
[SourceTitle "EXT 2007"]
[Source "ChessBase"]
[SourceDate "2006.11.23"]
[SourceVersion "1"]
[SourceVersionDate "2006.11.23"]
[SourceQuality "1"]

1. e4 c5 2. Nf3 e6 3. d4 cxd4 4. Nxd4 Nf6 5. Nc3 Bb4 6. Bd3 d5 7. e5 Nfd7 8. f4 Qb6 9. Be3 Nc6 10. 0-0 Bc5 11. Na4 Bxd4 12. Nxb6 Bxe3+ 13. Kh1 Bxb6 14. Qg4 g6 15. h4 Nc5 16. Qg5 Nxd3 17. cxd3 h6 18. Qg4 Bd7 19. a3 0-0-0 20. b4 g5 21. a4 Nd4 22. Rad1 Nf5 23. a5 Be3 24. a6 b6 25. fxg5 hxg5 26. h5 Rxh5+ 0-1

[Event "Calvi Balagne op 02nd"]
[Site "Calvi"]
[Date "2005.02.24"]
[Round "6"]
[White "Stubbe, Damien"]
[Black "Fossum, Oystein Boyum"]
[Result "0-1"]
[WhiteElo "1889"]
[BlackElo "2214"]
[PlyCount "84"]
[EventDate "2005.02.20"]
[EventType "swiss"]
[EventRounds "9"]
[EventCountry "FRA"]
[SourceTitle "CBM 105 Extra"]
[Source "ChessBase"]
[SourceDate "2005.05.01"]
[SourceVersion "1"]
[SourceVersionDate "2005.05.01"]
[SourceQuality "1"]

1. d4 f5 2. c4 Nf6 3. Nc3 e6 4. g3 d5 5. Bg2 c6 6. cxd5 exd5 7. Nf3 Bd6 8. e3 Nbd7 9. a3 Ne4 10. 0-0 0-0 11. Nd2 Ndf6 12. f3 Nxc3 13. bxc3 Be6 14. Rb1 Qd7 15. Qc2 Rae8 16. e4 fxe4 17. fxe4 dxe4 18. Nxe4 Nxe4 19. Rxf8+ Rxf8 20. Bxe4 Qf7 21. Be3 h6 22. Bf2 Bxa3 23. Ra1 Bb3 24. Bg6 Bxc2 25. Bxf7+ Rxf7 26. Rxa3 b6 27. c4 Rd7 28. Re3 Kf7 29. Re5 Bb3 30. c5 b5 31. Re3 Bc4 32. Ra3 b4 33. Ra4 Rb7 34. Be1 a5 35. Bd2 Rb5 36. Bc1 Bb3 37. Ra1 a4 38. Kf2 Ke6 39. Ke3 Kd5 40. Kd3 Bc4+ 41. Ke3 a3 42. Rb1 Ba2 0-1

[Event "Calvi Balagne op 01st"]
[Site "Calvi"]
[Date "2004.??.??"]
[Round "9"]
[White "Stubbe, Damien"]
[Black "Dimitrov, Christo"]
[Result "0-1"]
[WhiteElo "2040"]
[BlackElo "2223"]
[PlyCount "90"]
[EventDate "2004.02.21"]
[EventType "swiss"]
[EventRounds "9"]
[EventCountry "FRA"]
[SourceTitle "CBM 098 Extra"]
[Source "ChessBase"]
[SourceDate "2004.03.10"]
[SourceVersion "2"]
[SourceVersionDate "2004.03.10"]
[SourceQuality "1"]

1. d4 d5 2. c4 c6 3. e3 Nf6 4. Nc3 a6 5. Bd3 Bg4 6. f3 Bh5 7. Nge2 Bg6 8. e4 dxe4 9. fxe4 e5 10. 0-0 exd4 11. e5 Ng4 12. Bxg6 hxg6 13. Nxd4 Bc5 14. Qxg4 Qxd4+ 15. Qxd4 Bxd4+ 16. Kh1 Bxe5 17. Bf4 Nd7 18. Rae1 f6 19. Ne4 Ke7 20. b3 Rh5 21. Rf3 Bxf4 22. Rxf4 Re5 23. Re2 Rd8 24. h3 Nc5 25. Nc3 Rxe2 26. Nxe2 Rd2 27. Nc3 Nd3 28. Rf3 Nc1 29. Re3+ Kf7 30. Ne4 Rd1+ 31. Kh2 b6 32. c5 b5 33. Nd6+ Kg8 34. Re8+ Kh7 35. Rc8 Nxa2 36. Rxc6 Nb4 37. Rc7 Re1 38. Ra7 Re6 39. Kg3 Nd3 40. Nb7 Rc6 41. Nd8 Rxc5 42. Ne6 Re5 43. Rxa6 Nc5 44. Nxc5 Rxc5 45. Kf4 Rc3 0-1

[Event "Corsica-ch"]
[Site "Bastia"]
[Date "2003.06.21"]
[Round "1.3"]
[White "Cristofari, Antoine"]
[Black "Stubbe, Damien"]
[Result "1-0"]
[WhiteElo "2124"]
[BlackElo "1750"]
[PlyCount "97"]
[EventDate "2003.06.21"]
[EventType "k.o."]
[EventRounds "4"]
[EventCountry "FRA"]
[SourceTitle "EXT 2007"]
[Source "ChessBase"]
[SourceDate "2006.11.23"]
[SourceVersion "1"]
[SourceVersionDate "2006.11.23"]
[SourceQuality "1"]

1. e4 e6 2. d4 d5 3. Nc3 Nf6 4. e5 Nfd7 5. f4 c5 6. Nce2 cxd4 7. Nxd4 a6 8. Ngf3 Nc6 9. c3 Nc5 10. Be3 Bd7 11. Be2 Ne4 12. 0-0 Be7 13. Bd3 Nc5 14. Bc2 Nxd4 15. cxd4 Ne4 16. Rc1 0-0 17. Bd3 Qb6 18. Qe2 Rac8 19. Ng5 Nxg5 20. fxg5 Rxc1 21. Rxc1 Rc8 22. Rf1 Bb5 23. Bxh7+ Kf8 24. Bd3 Bxg5 25. Bxb5 Bxe3+ 26. Qxe3 Qxb5 27. Rc1 Rxc1+ 28. Qxc1 Qb4 29. Qc5+ Qxc5 30. dxc5 f6 31. exf6 gxf6 32. Kf2 Ke7 33. Ke3 e5 34. b4 f5 35. h4 f4+ 36. Kd3 e4+ 37. Kd4 e3 38. Kd3 d4 39. a4 Kf6 40. b5 axb5 41. axb5 Kf5 42. c6 bxc6 43. bxc6 Kg4 44. c7 Kg3 45. c8Q Kxg2 46. Qg4+ Kf2 47. Qxf4+ Ke1 48. Qxd4 e2 49. Qg1# 1-0

[Event "Porticcio op 4th"]
[Site "Porticcio"]
[Date "2003.06.??"]
[Round "5"]
[White "Bicchierai, Gregory"]
[Black "Stubbe, Damien"]
[Result "1-0"]
[WhiteElo "2089"]
[BlackElo "1750"]
[PlyCount "47"]
[EventDate "2003.06.??"]
[EventType "swiss"]
[EventRounds "9"]
[EventCountry "FRA"]
[SourceTitle "EXT 2007"]
[Source "ChessBase"]
[SourceDate "2006.11.23"]
[SourceVersion "1"]
[SourceVersionDate "2006.11.23"]
[SourceQuality "1"]

1. e4 e6 2. d4 d5 3. Nd2 Nf6 4. e5 Nfd7 5. Bd3 c5 6. c3 Nc6 7. Ngf3 Qb6 8. 0-0 cxd4 9. cxd4 Nxd4 10. Nxd4 Qxd4 11. Nf3 Qb6 12. Qa4 Qb4 13. Qc2 g6 14. Bd2 Qc5 15. Qa4 a6 16. Rac1 b5 17. Qf4 Qe7 18. Rc7 b4 19. Rfc1 Kd8 20. Ng5 f5 21. exf6 Qe8 22. f7 Qe7 23. Bxb4 Qf6 24. Rxd7+ 1-0